Didáctica de la lengua y la literatura para primaria (Record no. 21360)

MARC details
000 -LEADER
campo de control de longitud fija 01186nmc a2200385 a 4500
003 - IDENTIFICADOR DE NÚMERO DE CONTROL
campo de control AR-BaBNM
005 - FECHA Y HORA DE LA ÚLTIMA TRANSACCIÓN
campo de control 20251128211838.0
008 - DATOS DE LONGITUD FIJA--INFORMACIÓN GENERAL
campo de control de longitud fija 016120s2003 ||||||||||||||000 | spa||
020 ## - NÚMERO INTERNACIONAL ESTÁNDAR DEL LIBRO
Número Internacional Estándar del Libro 978-84-205-3455-8
040 ## - FUENTE DE CATALOGACIÓN
Centro/agencia transcriptor AR-BaBNM
245 10 - MENCIÓN DEL TÍTULO
Título Didáctica de la lengua y la literatura para primaria
260 ## - PUBLICACIÓN, DISTRIBUCIÓN, ETC.
Lugar de publicación, distribución, etc. Madrid
Nombre del editor, distribuidor, etc. Prentice Hall
Fecha de publicación, distribución, etc. 2003
300 0# - DESCRIPCIÓN FÍSICA
Extensión 571 p.
490 #0 - MENCIÓN DE SERIE
Mención de serie Colección Didáctica. Primaria
650 #4 - PUNTO DE ACCESO ADICIONAL DE MATERIA--TÉRMINO DE MATERIA
Término de materia o nombre geográfico como elemento de entrada DIDACTICA
650 #4 - PUNTO DE ACCESO ADICIONAL DE MATERIA--TÉRMINO DE MATERIA
Término de materia o nombre geográfico como elemento de entrada COMUNICACION
650 #4 - PUNTO DE ACCESO ADICIONAL DE MATERIA--TÉRMINO DE MATERIA
Término de materia o nombre geográfico como elemento de entrada LINGUISTICA
650 #4 - PUNTO DE ACCESO ADICIONAL DE MATERIA--TÉRMINO DE MATERIA
Término de materia o nombre geográfico como elemento de entrada ACTIVIDADES DE APRENDIZAJE
653 #0 - TÉRMINO DE INDIZACIÓN--NO CONTROLADO
Término no controlado ENSENANZA DE LA LENGUA
653 #0 - TÉRMINO DE INDIZACIÓN--NO CONTROLADO
Término no controlado ENSENANZA DE LA LITERATURA
653 #0 - TÉRMINO DE INDIZACIÓN--NO CONTROLADO
Término no controlado EDUCACION PRIMARIA
653 #0 - TÉRMINO DE INDIZACIÓN--NO CONTROLADO
Término no controlado ESTRATEGIAS DIDACTICAS
700 1# - ENTRADA AGREGADA--NOMBRE PERSONAL
Nombre de persona Mendoza Fillola, Antonio
Término indicativo de función/relación coordinador
700 1# - ENTRADA AGREGADA--NOMBRE PERSONAL
Nombre de persona Briz Villanueva, Ezequiel
700 1# - ENTRADA AGREGADA--NOMBRE PERSONAL
Nombre de persona Cantero Serena, Francisco José
700 1# - ENTRADA AGREGADA--NOMBRE PERSONAL
Nombre de persona Galera Noguera, Francisco
700 1# - ENTRADA AGREGADA--NOMBRE PERSONAL
Nombre de persona González Calvo, José Manuel
700 1# - ENTRADA AGREGADA--NOMBRE PERSONAL
Nombre de persona Cuadrado, Luis Alberto Hernando
700 1# - ENTRADA AGREGADA--NOMBRE PERSONAL
Nombre de persona García-Cervigón, Alberto Hernando
700 1# - ENTRADA AGREGADA--NOMBRE PERSONAL
Nombre de persona Sánchez Corral, Luis
700 1# - ENTRADA AGREGADA--NOMBRE PERSONAL
Nombre de persona Sepúlveda Barrios, Félix
700 1# - ENTRADA AGREGADA--NOMBRE PERSONAL
Nombre de persona Terrón González, Jesús
942 ## - ELEMENTOS DE ENTRADA SECUNDARIOS (KOHA)
Tipo de ítem Koha Libros
998 ## - INFORMACIÓN DE CONTROL LOCAL (RLIN)
Iniciales del catalogador, CIN (RLIN) me-solo cat
Holdings
Estatus retirado Estado de pérdida Fuente de la clasificación o esquema de estantería Estado de daño No para préstamo Biblioteca de origen Biblioteca actual Fecha de adquisición Fuente de adquisición Total de préstamos Signatura topográfica completa Código de barras Visto por última vez Precio de reemplazo Tipo de ítem Koha
    Clasificación Decimal Dewey     Liberty Liberty 28/11/2025 C-BP-014   372.46 MENF 143074 28/11/2025 28/11/2025 Libros
    Clasificación Decimal Dewey     Liberty Liberty 28/11/2025 C-BP-014   372.46 MENF 143027 28/11/2025 28/11/2025 Libros